01000nam a2200217 45000010008000000030009000080050017000170070008000340080030000420400022000720820018000941000031001122450087001432500013002302600046002433000028002894900032003175050370003496500033007196500030007520004563DO-SdBNP20241022133904.00004563160331b1999 dr || 00| 0 spa d aBPMDUbspacBPMSU 4a513.260712221 4Luciano López, Margarita10aCómo enseñar las fracciones en el nivel básico /cMargarita Luciano López  a2a. ed.  aSanto Domingo : bPunto Gráfico, c1999 a90 p. :bil. ;c22 cm. 0 aOrientaciones matemáticas0 aLas fracciones 9|Fracciones equivalentes a la unidad, equivalentes entre sí, impropias y numerales mixtos 29|Comparación de fracciones entre sí y de fracciones con la unidad 37|Operaciones con fracciones 47|Aprendizaje de las fracciones a través del juego 57|Fracciones decimales y conexiones matemáticas 63|Utilidad de las fracciones 79|Bibliografía 85 4a Fracciones xEnseñanza3  4a Métodos de enseñanza